Industrial law (Record no. 35593)

MARC details
000 -LEADER
fixed length control field 00316nam a2200133Ia 4500
082 ## - DEWEY DECIMAL CLASSIFICATION NUMBER
Classification number 347.715
Item number MAL
100 ## - MAIN ENTRY--AUTHOR NAME
Personal name Malik, P L
245 #0 - TITLE STATEMENT
Title Industrial law
250 ## - EDITION STATEMENT
Edition statement Ed.12 & 13
260 ## - PUBLICATION, DISTRIBUTION, ETC. (IMPRINT)
Place of publication Lucknow
Name of publisher Eastern book
Year of publication 1980
650 ## - SUBJECT ADDED ENTRY--TOPICAL TERM
Topical Term Industrial law
942 ## - ADDED ENTRY ELEMENTS (KOHA)
Koha item type Books
Holdings
Withdrawn status Lost status Damaged status Not for loan Home library Current library Date acquired Cost, normal purchase price Full call number Accession Number Koha item type
        RRII Library RRII Library 16/12/2021 110.00 347.715 MAL 16016 Books